000 00351nam a2200133Ia 4500
008 151213s9999 xx 000 0 und d
245 _aStatistical Year Book Of Bangladesh - 2000 .
250 _a21st
260 _aBangladesh
_bBangladesh Bureau Of Statistics
_c2002
300 _a1586 p.
650 _aReference
650 _aReference
999 _c1209
_d1209